MCTS self-paced training kit (Exam 70-632) : (Record no. 19651)

MARC details
000 -LEADER
fixed length control field 01271nam a22003014a 4500
005 - DATE AND TIME OF LATEST TRANSACTION
control field 20081015111656.0
008 - FIXED-LENGTH DATA ELEMENTS--GENERAL INFORMATION
fixed length control field 080225s2008 waua 001 0 eng
010 ## - LCCN (DPL NO)
LC control number ENG-92108
020 ## - INTERNATIONAL STANDARD BOOK NUMBER
International Standard Book Number 9788120335585
Terms of availability 595.00
035 ## - SYSTEM CONTROL NUMBER
System control number EN-75641
037 ## - SOURCE OF ACQUISITION
Source of stock number/acquisition DBAD / pub
040 ## - CATALOGING SOURCE
Original cataloging agency dpl
Language of cataloging English
082 ## - DEWEY DECIMAL CLASSIFICATION NUMBER
Classification number 658.404028553
100 ## - MAIN ENTRY--PERSONAL NAME
Personal name Ballew, Joli.
245 ## - TITLE STATEMENT
Title MCTS self-paced training kit (Exam 70-632) :
Remainder of title managing projects with Microsoft Office Project 2007 /
Statement of responsibility, etc by Joli Ballew and Deanna Reynolds with Bonnie Biafore.
246 ## - VARYING FORM OF TITLE
Title proper/short title Managing projects with Microsoft Office Project 2007
260 ## - PUBLICATION, DISTRIBUTION, ETC. (IMPRINT)
Place of publication, distribution, etc New Delhi
Name of publisher, distributor, etc Prentice Hall of India
Date of publication, distribution, etc 2008
300 ## - PHYSICAL DESCRIPTION
Extent xxiii, 531 p. :
Other physical details ill.
Dimensions 23 cm (pbk)
Accompanying material CD-ROM
500 ## - GENERAL NOTE
General note CD-ROM in pocket.
500 ## - GENERAL NOTE
General note Includes index.
650 ## - SUBJECT ADDED ENTRY--TOPICAL TERM
Topical term or geographic name as entry element Project management
General subdivision Computer programs
Form subdivision Examinations, questions, etc.
650 ## - SUBJECT ADDED ENTRY--TOPICAL TERM
Topical term or geographic name as entry element Electronic data processing personnel
General subdivision Certification.
650 ## - SUBJECT ADDED ENTRY--TOPICAL TERM
Topical term or geographic name as entry element Microsoft software
General subdivision Examinations
Form subdivision Study guides.
700 ## - ADDED ENTRY--PERSONAL NAME
Personal name Reynolds, Deanna.
700 ## - ADDED ENTRY--PERSONAL NAME
Personal name Biafore, Bonnie.
942 ## - ADDED ENTRY ELEMENTS (KOHA)
Source of classification or shelving scheme Dewey Decimal Classification
Item type English Books
Call number suffix BAL
Classification part 658.404028553
Holdings
Withdrawn status Lost status Source of classification or shelving scheme Damaged status Not for loan Collection code Home library Current library Date acquired Source of acquisition Cost, normal purchase price Total Checkouts Full call number Barcode Date last seen Copy number Cost, replacement price Koha item type
    Dewey Decimal Classification   Not For Loan Non-fiction D.B.Act.Division D.B.Act.Division 10/12/2008 DBAD / PUB 595.00   BAL EN-75641 10/12/2008 1 595.00 English Books

© Delhi Public Library
Hit Counter
free hit counter